Teoría de circuitos electrónicos: dispositivos, modelos y circuitos

Đã lưu trong:
Chi tiết về thư mục
Những tác giả chính: Zimmermann, Henry J (Tác giả), Manson, Samuel J (Tác giả)
Định dạng: Sách
Ngôn ngữ:Tiếng Tây Ban Nha
Được phát hành: Ciudad de México Continental 1962
Những chủ đề:
Các nhãn: Thêm thẻ
Không có thẻ, Là người đầu tiên thẻ bản ghi này!

MARC

LEADER 00000nam a2200000 a 4500
001 UCU5601
003 CL-VaPUC
008 960604e19620000MX |||||||||||||||||spa|d
082 0 4 |a 621.381  |b ZIM  |2 21 
100 0 |a Zimmermann, Henry J  |e author  |9 363561 
700 0 |a Manson, Samuel J  |e author  |9 363562 
245 1 0 |a Teoría de circuitos electrónicos: dispositivos, modelos y circuitos 
300 |a 628 p 
942 |c BK 
945 |d 19960604 00:00:00  |a lriquelm 
260 |a Ciudad de México  |b Continental  |c 1962 
650 0 |a Circuitos electrónicos  |9 260204 
650 7 |a DISPOSITIVOS SEMICONDUCTORES  |2 CL-VaPUC  |9 361201 
650 7 |a DIODOS SEMICONDUCTORES  |2 CL-VaPUC  |9 363563 
650 0 |a Transistores  |9 260330 
583 |a last modification  |c 20160104 00:44:58  |k Rodrigo Vera 
999 |c 248866  |d 248864 
952 |0 0  |1 0  |4 0  |6 621_381000000000000_ZIM_1962  |7 0  |8 P  |9 265766  |a BIBING  |b BIBING  |d 2019-11-19  |i 1676326  |o 621.381 ZIM 1962  |p 1676326  |r 2025-01-20  |w 2019-11-19  |y BK  |k EIE